| 000 | 02052cam a22004814i 4500 | ||
|---|---|---|---|
| 003 | PE-LiUPU | ||
| 005 | 20250731173153.0 | ||
| 008 | 150623s2003 caua rb 000 0 eng d | ||
| 020 | _a0830732411 | ||
| 035 | _a(Sirsi) i9780830732418 | ||
| 040 |
_aPE-LiUPU _bspa _cPE-LiUPU _erda |
||
| 049 | _aPRUA | ||
| 082 | 0 | 4 |
_a253.5 _bW92 _221 |
| 100 | 1 |
_aWright, H. Norman, _eautor. |
|
| 245 | 1 | 4 |
_aThe new guide to crisis & trauma counseling / _cH. Norman Wright. |
| 264 | 1 |
_aVentura, California : _bRegal, _c2003. |
|
| 300 |
_a460 páginas : _bilustraciones ; _c23 centímetros |
||
| 336 |
_atext _2rdacontent |
||
| 337 |
_aunmediated _2rdamedia |
||
| 338 |
_avolume _2rdacarrier |
||
| 504 | _aIncluye bibliografía. | ||
| 505 | 0 | _aCrises-They're all around us -- Crisis counseling from a biblical perspective -- Applications of biblical principles (parte 1) -- Applications of biblical principles (parte 2) -- Helping others recover from their losses in life (parte 1) -- Helping others recover from their losses in life (parte 2) -- Helping a greaving person recover and say good-bye -- What is a crisis? -- The phases of a crisis -- The process of crisisi intervention -- Whem time doesn't heal all wounds. | |
| 526 | _aSEG42 | ||
| 526 | _aSEG41 | ||
| 526 | _aSEG40 | ||
| 526 | _aSEG39 | ||
| 526 | _aP94 | ||
| 526 | _aP87 | ||
| 526 | _aP86 | ||
| 526 | _aP85 | ||
| 526 | _aP77 | ||
| 526 | _aP76 | ||
| 526 | _aP35 | ||
| 650 | 0 | 4 | _aIntervención de la crisis (salud mental). |
| 650 | 0 | 4 |
_aOrientación pastoral _xGuía. |
| 650 | 0 | 4 |
_aTrauma psíquico _xTratamiento. |
| 942 |
_2ddc _cBOOK |
||
| 949 |
_a253.5 W92 _wDEWEY _c1 _i53498 _lCCODEBUL1 _mBUL _p30.00 _r0 _sY _tBOOK _u2015-6-24 _xTEOLOGIA _PP35 _0COMPRA _o.STAFF. Colección General |
||
| 994 |
_aC0 _bPEPRU |
||
| 596 | _a1 | ||
| 999 |
_a253.5 W92 _wDEWEY _c35498 _i53498 _d35498 _e2018-4-15 _f2021-11-10 _g5 _lCCODEBUL1 _mBUL _n2 _p30.00 _q4 _r0 _sY _tBOOK _u2015-6-24 _xTEOLOGIA _PP35 _0COMPRA _o.STAFF. Colección Teología |
||
| 980 |
_81 _gALBERTO SANCHEZ Responsable de Automatización |
||